English Grammer & Composition (Record no. 1484)

MARC details
000 -LEADER
fixed length control field 00296nam a2200109 4500
008 - FIXED-LENGTH DATA ELEMENTS--GENERAL INFORMATION
fixed length control field 160702b xxu||||| |||| 00| 0 eng d
100 ## - MAIN ENTRY--PERSONAL NAME
9 (RLIN) 1780
Personal name Shankar, G
245 ## - TITLE STATEMENT
Title English Grammer & Composition
260 ## - PUBLICATION, DISTRIBUTION, ETC. (IMPRINT)
Place of publication, distribution, etc. NEW DELHI
Name of publisher, distributor, etc. Arya
Date of publication, distribution, etc. 2004
300 ## - PHYSICAL DESCRIPTION
Extent English Grammer & Composition
942 ## - ADDED ENTRY ELEMENTS (KOHA)
Source of classification or shelving scheme Dewey Decimal Classification
Koha item type BOOK
Holdings
Withdrawn status Lost status Source of classification or shelving scheme Damaged status Not for loan Home library Current library Shelving location Date acquired Total Checkouts Full call number Barcode Date last seen Price effective from Koha item type
    Dewey Decimal Classification     Good Samaritan School Library Good Samaritan School Library   07/02/2016   425 SHA1858 07/02/2016 07/02/2016 BOOK

Powered by Koha